Avoiding expert disputes (Record no. 84315)
[ view plain ]
| 000 -LEADER | |
|---|---|
| fixed length control field | 01606cab a22002535a 4500 |
| 001 - CONTROL NUMBER | |
| control field | L157281 |
| 008 - FIXED-LENGTH DATA ELEMENTS--GENERAL INFORMATION | |
| fixed length control field | 121009e20120928xxk 000 0 eng d |
| 035 ## - SYSTEM CONTROL NUMBER | |
| System control number | (Sirsi) u157281 |
| 041 0# - LANGUAGE CODE | |
| Language code of text/sound track or separate title | eng |
| 100 1# - MAIN ENTRY--PERSONAL NAME | |
| Personal name | Freedman, Clive |
| 245 00 - TITLE STATEMENT | |
| Title | Avoiding expert disputes |
| 260 ## - PUBLICATION, DISTRIBUTION, ETC. | |
| Date of publication, distribution, etc. | 2012 |
| 490 ## - SERIES STATEMENT | |
| Series statement | New Law Journal |
| Volume/sequential designation | 162 (7531) 28 September 2012, 1214-1216(3) |
| 520 ## - SUMMARY, ETC. | |
| Summary, etc. | A round up of law cases considering issues relating to expert determinations. "Ackerman v Ackerman" [2011] EWHC 3428 allowed an expert's determination to be challenged on the grounds that he materially departed from his or her instructions as laid down in "Veba Oil Supply and Trading GmbH v Petrotrade Inc" [2001] EWCA Civ 1832. "Barclays Bank plc v Nylon Capital LLP" [2011] EWCA Civ 826 decided that it was for the court to decide a disputed issue of construction on which the expert's jurisdiction to reach a determination depended. "Cream Holdings Ltd v Davenport" [2011] EWCA Civ 1287 decided that where an expert's proposed terms of engagement are reasonable and are consistent with the requirements of the agreement between the parties, it necessary to imply a term requiring the parties to co-operate in the valuation process by accepting the appointment on these terms. |
| 590 ## - LOCAL NOTE (RLIN) | |
| Local note | KA |
| 650 24 - SUBJECT ADDED ENTRY--TOPICAL TERM | |
| Topical term or geographic name entry element | BARCLAYS BANK PLC V NYLON CAPITAL LLP |
| 650 24 - SUBJECT ADDED ENTRY--TOPICAL TERM | |
| Topical term or geographic name entry element | CREAM HOLDINGS LTD V DAVENPORT |
| 650 24 - SUBJECT ADDED ENTRY--TOPICAL TERM | |
| Topical term or geographic name entry element | ACKERMAN V ACKERMAN |
| 650 24 - SUBJECT ADDED ENTRY--TOPICAL TERM | |
| Topical term or geographic name entry element | VEBA OIL SUPPLY & TRADING GMBH V PETROTRADE INC (THE ROBIN) |
| 651 #4 - SUBJECT ADDED ENTRY--GEOGRAPHIC NAME | |
| Geographic name | United Kingdom |
| Chronological subdivision | |
| 690 ## - LOCAL SUBJECT ADDED ENTRY--TOPICAL TERM (OCLC, RLIN) | |
| Topical term or geographic name as entry element | Dispute resolution |
| 9 (RLIN) | 6236 |
| 700 1# - ADDED ENTRY--PERSONAL NAME | |
| Personal name | Harris, Christopher |
| 942 ## - ADDED ENTRY ELEMENTS (KOHA) | |
| Suppress in OPAC | 0 |
| Withdrawn status | Lost status | Source of classification or shelving scheme | Damaged status | Not for loan | Home library | Current library | Shelving location | Date acquired | Total Checkouts | Full call number | Barcode | Date last seen | Copy number | Price effective from | Koha item type |
|---|---|---|---|---|---|---|---|---|---|---|---|---|---|---|---|
| Dewey Decimal Classification | London | London | Journal article | 09/10/2012 | L157281 | 157281-1001 | 06/08/2019 | 1 | 06/08/2019 | Journal article |